00734 2200229 4500001002100000005001700021008004100038020002200079035002500101040001200126082002000138084002000158090002000178245011000198260002700308300003500335500007200370650001800442700001100460850001200471990002100483INLIS00000000000120820141212134258.0  a978-979-29-2199-1 a0010-121400000000290 aYOPDYOG aDEP 006.693 Pan aDEP 006.693 Pan aDEP 006.693 Pan aPANDUAN aplikatif & solusi desain ruang tidur minimalis multifungsi dengan 3ds max 2013c/ editor, Seno W aYogyakartabAndic2013 aix, 262 hlm.b: ilus. ;c23 cm aDiterbitkan atas kerjasama dengan penerbit Wahana Komputer Semarang aDesain Grafis aSeno W aYOPDYOG aCB-D.112013-1201